| 000 | 00000cam 2200000zi 4500 |
| 001 | 9.961353 |
| 003 | CaOODSP |
| 005 | 20260515153727 |
| 006 | m o d f |
| 007 | cr cn |||||||| |
| 008 | 260326t20262026bccabd ob f000 0 eng d |
| 020 | |a9780660992464 |
| 040 | |aCaOODSP|beng|erda|cCaOODSP |
| 041 | |aeng|beng|bfre |
| 043 | |an-cn-bc |
| 086 | 1 |aFs97-18/414E-PDF |
| 100 | 1 |aRabinovich, Alexander B., |eauthor. |
| 245 | 14|aThe South Sandwich Islands (Southern Atlantic Ocean) tsunami as recorded in British Columbia / |cAlexander B. Rabinovich, Elizaveta S. Tsukanova, Denny C. Sinnott, and Richard E. Thomson. |
| 264 | 1|aSidney, BC : |bFisheries and Oceans Canada, |c2026. |
| 264 | 4|c©2026 |
| 300 | |a1 online resource (v, 25 pages) : |billustrations, maps, graphs. |
| 336 | |atext|btxt|2rdacontent |
| 337 | |acomputer|bc|2rdamedia |
| 338 | |aonline resource|bcr|2rdacarrier |
| 490 | 1 |aCanadian technical report of hydrography and ocean sciences, |x1488-5417 ; |v414 |
| 504 | |aIncludes bibliographical references (pages 24-25). |
| 546 | |aIncludes abstracts in English and French. |
| 650 | 0|aTsunamis|zBritish Columbia|zPacific Coast|xObservations. |
| 650 | 0|aTsunamis|zBritish Columbia|zPacific Coast|xMathematical models. |
| 650 | 6|aTsunamis|zColombie-Britannique|zPacifique, Côte du|xObservations. |
| 650 | 6|aTsunamis|zColombie-Britannique|zPacifique, Côte du|xModèles mathématiques. |
| 710 | 1 |aCanada. |bDepartment of Fisheries and Oceans, |eissuing body. |
| 830 | #0|aCanadian technical report of hydrography and ocean sciences ;|v414.|w(CaOODSP)9.504781 |
| 856 | 40|qPDF|s16.9 MB|uhttps://publications.gc.ca/collections/collection_2026/mpo-dfo/fs97-18/Fs97-18-414-eng.pdf |